| 000 | 00904nam a2200289 i 4500 | ||
|---|---|---|---|
| 001 | bg | ||
| 100 | 1 | _aKALIŃSKI, Krzysztof | |
| 245 | 1 | 0 |
_aNadzorowanie drgań układów mechanicznych modelowanych dyskretnie / _cKrzysztof Kaliński. |
| 260 |
_aGdańsk : _bPG, _c2001. |
||
| 300 |
_a136 s. : _bil. ; _c24 cm. |
||
| 490 | 1 |
_aMonografie / Politechnika Gdańska ; _v22 |
|
| 500 | _aStreszcz. ang. | ||
| 504 | _aBibliogr. | ||
| 650 | 9 |
_aDrgania _xmechanika |
|
| 650 | 9 |
_aDrgania _xzapobieganie i zwalczanie |
|
| 650 | 9 |
_aMetoda elementów skończonych _xstosowanie |
|
| 650 | 9 |
_aSterowanie _xteoria |
|
| 650 | 9 |
_aSymulacja _xstosowanie |
|
| 830 | 0 |
_aMonografie (Politechnika Gdańska) ; _v22 |
|
| 020 | _a8388007831 | ||
| 040 | _cBPK | ||
| 041 | 0 |
_apl _ben |
|
| 080 | _a534.8:621.03:519.61/.64+519.876.5 | ||
| 920 | _a83-88007-83-1 | ||
| 942 | _cKS | ||
| 008 | s pl f |000 0 pol | ||
| 999 |
_c40653 _d40653 |
||
| 856 |
_uhttp://koha.tu.koszalin.pl/cgi-bin/koha/opac-detail.pl?biblionumber=40653 _yKatalog online BPK |
||